01763nam a22002177a 4500999001300000003000400013005001700017008004100034040000700075100003300082245007800115260003500193300001900228500003100247505105900278650003101337650003501368650002701403942002601430952008901456 c468d468OSt20220610134902.0180321b xxu||||| |||| 00| 0 spa d cPJ aTorres Gigena, Carlos 960110aAsilo diplomático :bsu práctica y teoría / cCarlos Torres Gigena. aBuenos Aires :bLa Ley,c1960. a482 p.c24 cm. aNotas al pie de página.  aPRIMERA PARTE DEL ASILO EN GENERAL Capitulo I 1. Orígenes Capitulo II 1. Clasificación. SEGUNDA PARTE DEL ASILO DIPLOMATICO Capitulo I 1. Historia en la institución en Europa Capitulo II 1. Casos de asilos en que intervino la República Argentina. Capitulo III 1. Opiniones jurídicas. Capitulo IV 1. El asilo diplomático como derecho. Capitulo V 1. Del asilado. Capitulo VI 1. La clasificación del delito en el asilo diplomático. Capitulo VII 1. Lugares de asilo. Capitulo VIII 1. Obligaciones de la autoridad asilante.. Capitulo IX 1. Obligaciones del gobierno territorial. Capitulo X 1. Terminación del asilo diplomático. Capitulo XI 1. El asilo y el reconocimiento del gobierno de facto. Capitulo XII 1.El asilo diplomático ante organismos internacionales. TERCERA PARTE Capitulo XIII 1. Tratados, Convenciones y acuerdos proyectos oficiales de tratados y convenciones informes y debates en congresos internacionales controversias diplomáticas resoluciones de instituciones jurídicas. rTORRES GIGENAtASILO DIPLOMATICO 09495aDERECHO INTERNACIONAL 09500aRELACIONES DIPLOMÁTICAS 09602aASILO DIPLOMATICO 2udccLIBh341.43iTOR 00102udc4070aDJSbDJSd2018-05-15o341.43 TORp1895r2018-05-15w2018-05-15yLIB